| 000 | 00856cam a2200241 4500 | ||
|---|---|---|---|
| 001 | WB3638-22 | ||
| 008 | 000000n2000 000 0 eng u | ||
| 035 | _a(Sirsi) u108503 | ||
| 245 | _aNo bar to liability | ||
| 260 | _c2000 | ||
| 490 |
_aEstates Gazette _v0038(23) 23 September 2000, 194(1) |
||
| 520 | _aBarrister's immunity from being sued for professional negligence comes to an end with the landmark "Arthur JS Hall & Co v Simons" case (see EGCS 99, 20/7/00). Article discusses the arguments behind the decision. | ||
| 590 | _aWB | ||
| 650 | _aBARRISTERS | ||
| 650 | _aSOLICITORS | ||
| 650 | _aIMMUNITY FROM PROSECUTION | ||
| 650 | _aIMMUNITY | ||
| 650 | _aARTHUR J S HALL AND CO V SIMONS | ||
| 650 | _aHEDLEY BYRNE & CO LTD V HELLER & PARTNERS | ||
| 650 | _aNEGLIGENCE | ||
| 690 | _aPROFESSIONAL PRACTICE-NEGLIGENCE | ||
| 942 | _n0 | ||
| 999 |
_c64786 _d64786 |
||